Príspevok k riešeniu problematiky hydrodynamiky obtekania a prestupu tepla do gravitačne postupujúcej vrstvy zrnitého materiálu obtekajúceho zväzok rúrok. /

Gespeichert in:
Bibliographische Detailangaben
1. Verfasser: Madlo, Viliam (Verfasst von)
Format: Manuskript Buch
Veröffentlicht: Bratislava : SVŠT v Bratislave SjF, 1971
Tags: Tag hinzufügen
Keine Tags, Fügen Sie das erste Tag hinzu!

MARC

LEADER 00000ntm a22000003a 4500
001 stu47490
005 20150617225710.5
008 ------s1971----cs----------------------d
040 |a STU  |b slo 
041 0
044 |a cs 
080 |a 66.045.1 
080 |a 536.24 
100 1 |a Madlo, Viliam  |4 aut 
245 1 |a Príspevok k riešeniu problematiky hydrodynamiky obtekania a prestupu tepla do gravitačne postupujúcej vrstvy zrnitého materiálu obtekajúceho zväzok rúrok. /  |c [aut.] Madlo,Viliam 
260 |a Bratislava :  |b SVŠT v Bratislave SjF,  |c 1971 
300 |a 152 s 
996 |b J39855  |c J*39855/DIZ.  |l JJSK  |s A  |a 24  |w stu47490_0001